In place of the forest (Record no. 16761)

000 -LEADER
fixed length control field 01262cam a2200301La 4500
020 ## - INTERNATIONAL STANDARD BOOK NUMBER
ISBN 0585119740 (electronic bk.)
020 ## - INTERNATIONAL STANDARD BOOK NUMBER
ISBN 9780585119748 (electronic bk.)
040 ## - CATALOGING SOURCE
Transcribing agency N$T
082 04 - DEWEY DECIMAL CLASSIFICATION NUMBER
Classification number 333 UNT 1995 A107 Or.
100 1# - MAIN ENTRY--AUTHOR NAME
Personal name Brookfield, H. C
245 10 - TITLE STATEMENT
Title In place of the forest
Remainder of title environmental and socio-economic transformation in Borneo and the eastern Malay Peninsula /
246 3# - VARYING FORM OF TITLE
Title proper/short title Environmental and socio-economic transformation in Borneo and the eastern Malay Peninsula
260 ## - PUBLICATION, DISTRIBUTION, ETC. (IMPRINT)
Place of publication Tokyo :
Name of publisher United Nations University Press,
Year of publication c1995
300 ## - PHYSICAL DESCRIPTION
Number of Pages 1 online resource (xiv, 310 p.) :
Other physical details maps
490 1# - SERIES STATEMENT
Series statement UNU studies on critical environmental regions
500 ## - GENERAL NOTE
General note "UNUP-893"--T.p. verso
650 #0 - SUBJECT ADDED ENTRY--TOPICAL TERM
Topical Term Deforestation
650 #0 - SUBJECT ADDED ENTRY--TOPICAL TERM
Topical Term Environmental degradation
650 #0 - SUBJECT ADDED ENTRY--TOPICAL TERM
Topical Term Deforestation
650 #0 - SUBJECT ADDED ENTRY--TOPICAL TERM
Topical Term Environmental degradation
650 #0 - SUBJECT ADDED ENTRY--TOPICAL TERM
Topical Term Electronic books.
700 1# - ADDED ENTRY--PERSONAL NAME
Personal name Byron, Yvonne,
700 1# - ADDED ENTRY--PERSONAL NAME
Personal name Potter, Lesley M
710 2# - ADDED ENTRY--CORPORATE NAME
Corporate name or jurisdiction name as entry element Ohio Library and Information Network
856 40 - ELECTRONIC LOCATION AND ACCESS
Uniform Resource Identifier http://search.ebscohost.com/login.aspx?direct=true&scope=site&db=nlebk&db=nlabk&AN=20560
856 40 - ELECTRONIC LOCATION AND ACCESS
Uniform Resource Identifier http://proxy.ohiolink.edu:9099/login?url=http://search.ebscohost.com/login.aspx?direct=true&scope=site&db=nlebk&db=nlabk&AN=20560
942 ## - ADDED ENTRY ELEMENTS (KOHA)
Koha item type សៀវភៅភាសាអង់គ្លេស
952 ## - LOCATION AND ITEM INFORMATION (KOHA)
Withdrawn status [LOCAL, KOHA] 0
Holdings
Permanent Location Date acquired Koha item type Lost status Shelving location Barcode Current Location Full call number
Library Block A2018-04-24សៀវភៅភាសាអង់គ្លេស A108A16235Library Block A333 UNT 1995 A108 Or.
មជ្ឈមណ្ឌលឯការនៃសាកលវិទ្យាល័យភូមិន្ទកសិកម្មចំការដូង

Powered by Koha